Radon solutions in homes: improving underfloor ventilation (Record no. 114789)

MARC details
000 -LEADER
fixed length control field 00851cam a22002655a 4500
001 - CONTROL NUMBER
control field L157483
008 - FIXED-LENGTH DATA ELEMENTS--GENERAL INFORMATION
fixed length control field 121219s2012 xxk f 000 0 eng d
020 ## - INTERNATIONAL STANDARD BOOK NUMBER
International Standard Book Number 9781848063006
035 ## - SYSTEM CONTROL NUMBER
System control number (Sirsi) u157483
041 0# - LANGUAGE CODE
Language code of text/sound track or separate title eng
100 1# - MAIN ENTRY--PERSONAL NAME
Personal name Scivyer, Chris
245 00 - TITLE STATEMENT
Title Radon solutions in homes: improving underfloor ventilation
260 ## - PUBLICATION, DISTRIBUTION, ETC.
Place of publication, distribution, etc. Watford
Name of publisher, distributor, etc. BRE
Date of publication, distribution, etc. 2012
300 ## - PHYSICAL DESCRIPTION
Extent 8p.
Other physical details ill.
Dimensions 30cm.
490 #0 - SERIES STATEMENT
Series statement BRE Good Repair Guide
Volume/sequential designation (37/1)
520 ## - SUMMARY, ETC.
Summary, etc. The guide offers advice to builders and homeowners carrying out installation works to increase ventilation under suspended ground floors.
521 ## - TARGET AUDIENCE NOTE
Target audience note Introductory
650 24 - SUBJECT ADDED ENTRY--TOPICAL TERM
Topical term or geographic name entry element RADON PROTECTION
650 24 - SUBJECT ADDED ENTRY--TOPICAL TERM
Topical term or geographic name entry element RADON GAS
650 24 - SUBJECT ADDED ENTRY--TOPICAL TERM
Topical term or geographic name entry element UNDERFLOOR VENTILATION
651 #4 - SUBJECT ADDED ENTRY--GEOGRAPHIC NAME
Geographic name United Kingdom
Chronological subdivision
690 ## - LOCAL SUBJECT ADDED ENTRY--TOPICAL TERM (OCLC, RLIN)
Topical term or geographic name as entry element Health and safety
9 (RLIN) 6244
690 ## - LOCAL SUBJECT ADDED ENTRY--TOPICAL TERM (OCLC, RLIN)
Topical term or geographic name as entry element Building materials and defects
942 ## - ADDED ENTRY ELEMENTS (KOHA)
Suppress in OPAC 0
Holdings
Withdrawn status Lost status Source of classification or shelving scheme Damaged status Not for loan Home library Current library Shelving location Date acquired Total Checkouts Full call number Barcode Date last seen Copy number Price effective from Koha item type
    Dewey Decimal Classification     London London BRE publications 19/12/2012   BRE - LONDON 30077520 06/08/2019 1 06/08/2019 Book